| 000 | 01010cab a2200337 4500 | ||
|---|---|---|---|
| 001 | ABS50096 | ||
| 008 | 090401t1994 xxu||||| |||| 00| 0 eng d | ||
| 035 | _a(Sirsi) u74142 | ||
| 041 | _aeng | ||
| 100 | _aBensted, J. | ||
| 245 | _aEfflorescence - a visual problem on buildings | ||
| 260 | _c1994 | ||
| 350 | _a0 | ||
| 490 |
_aConstruction Repair _v8(1) January/February 1994, 47-49(3) |
||
| 520 | _aExplains the reasons for efflorescence or lime bloom, a deposit of salts on the surface of concrete or mortar, diagnosis and remedies. | ||
| 650 | _aALUMINA | ||
| 650 | _aBRICKWORK | ||
| 650 | _aCAUSES | ||
| 650 | _aCEMENT | ||
| 650 | _aCONCRETE | ||
| 650 | _aDIAGNOSIS | ||
| 650 | _aEFFLORESCENCE | ||
| 650 | _aLIME BLOOM | ||
| 650 | _aLIME WEEPING | ||
| 650 | _aREMEDIES | ||
| 690 | _aBUILDING AND CONSTRUCTION-DEFECTS AND FAILURES | ||
| 690 | _aBUILT ENVIRONMENT-BUILDING MATERIALS | ||
| 690 | _aBUILDING AND CONSTRUCTION-REHABILITATION | ||
| 942 | _n0 | ||
| 948 | _c04/03/1997 | ||
| 999 |
_c46803 _d46803 |
||